000 01082cam a2200325 i 4500
001 574
005 20231205082251.0
020 _a9781481441513 (hardcover)
020 _a9781481441537 (pbk.)
020 _z9781481441544 (ebook)
040 _aDLC
_beng
_cDLC
_erda
_dDLC
050 0 0 _aPZ7.N24
_bSgc 2015
082 0 0 _a[Fic]
_223
100 1 _aNaylor, Phyllis Reynolds,
_eauthor.
245 1 2 _aShiloh/
_cby Phyllis Reynolds Naylor.
260 _aNew York :
_bScholastic.
_c2014.
300 _a246 pages ;
_c20 cm.
490 0 _aThe Shiloh quartet.
505 _aQ
520 _a"Marty and his best friend, Shiloh are on another adventure. Marty learns when a secret is too dangerous to keep, and that hate can spread like fire"--
_cProvided by publisher.
521 1 _a890
_bLexile
521 1 _aQ
_bRaz-Plus
650 1 _aDogs
_vFiction.
650 1 _aFamily life
_zWest Virginia
_vFiction.
650 1 _aClergy
_vFiction.
650 1 _aPrejudices
_vFiction.
650 1 _aChristmas
_vFiction.
906 _a7
_bcbc
_corignew
_d1
_eecip
_f20
_gy-gencatlg
942 _2lcc
_cBK
_n0
999 _c574
_d574